00607nam a2200205Ia 450000500170000000800410001702000180005804000180007604100080009408200260010210000200012824500770014825000120022526000440023730000200028165000220030165000240032365000230034765000310037020220216185739.0210716s2016 xx 000 0 und d a9789332582095 cAIMIT LIBRARY aeng a658.4038011 22bEVAJ aEvans, James R. aBusiness analytics: bmethods models and decisions /cBy James R. Evans. a2nd ed. aNew Delhi :bPearson Education ,c2016. a652p. ;c25 cm. aDecision making. aBusiness Analytics. aDecision Analysis. aAnalytics on Spreadsheets.